[Event "GER-ch U12"]
[White "Schellinger, Florian"]
[Black "Fass, Ben"]
[Site "Willingen"]
[Round "8"]
[Result "1-0"]
[Date "2024.05.24"]
[WhiteElo "863"]
[BlackElo "1027"]
[PlyCount "83"]
[EventDate "2024.05.19"]
[EventType "swiss"]
[EventRounds "9"]
[EventCountry "GER"]
[SourceTitle "CBM 220 Extra"]
[Source "ChessBase"]
[SourceDate "2024.07.31"]
[SourceVersion "1"]
[SourceVersionDate "2024.07.31"]
[SourceQuality "1"]

1. e4 e5 2. Nf3 Nc6 3. Bc4 Bc5 4. Nc3 Nf6 5. d3 d6 6. Bb5 Bd7 7. Bg5 h6 8. Bh4 Qe7 9. Nd5 Qe6 10. Nxc7+ Kd8 11. Nxe6+ fxe6 12. 0-0 a6 13. Ba4 b5 14. Bb3 a5 15. a4 bxa4 16. Bxa4 Rb8 17. Qc1 g5 18. Nxg5 hxg5 19. Qxg5 Rf8 20. Qg7 Ke8 21. Bxf6 Rf7 22. Qg8+ Rf8 23. Qg7 Rf7 24. Qh8+ Rf8 25. Qh6 Ne7 26. Bg7 Rxb2 27. Bxd7+ Kxd7 28. Bxf8 Rxc2 29. Rxa5 Rc3 30. Bxe7 Kc6 31. Qg6 Rxd3 32. Qe8+ Kb6 33. Qb5+ Kc7 34. Qxd3 Kd7 35. Rxc5 Kxe7 36. Rc7+ Kf6 37. Qf3+ Kg6 38. Rf7 d5 39. Qf6+ Kh5 40. Rg7 dxe4 41. g3 e3 42. Qh4# 1-0